000 00350nam a2200133Ia 4500
008 240624s9999 xx 000 0 und d
041 _aeng
082 _a332 DES
100 _aDESAI A MIHIR
245 _aWISDOM OF FINANCE DISCOVERING HUMANITY I
260 _c2017
_aBoston
_bHoughton Mifflin Harcourt
300 _axiii, 223P.;22cm
365 _c
_b33
999 _c32793
_d32793